Landbauforschung Applied Agriculture and Forestry Research

Spremljeno u:
Bibliografski detalji
Format: Knjiga
Jezik:Undetermined
Izdano: Germany Johann Heinrich von Thünen-Institut 2018
Teme:
Oznake: Dodaj oznaku
Bez oznaka, Budi prvi tko označuje ovaj zapis!
Thư viện lưu trữ: Trung tâm Học liệu Trường Đại học Cần Thơ
LEADER 00516nam a2200169Ia 4500
001 CTU_235353
008 210402s9999 xx 000 0 und d
082 |a 630 
082 |b L253 
245 0 |a Landbauforschung Applied Agriculture and Forestry Research 
245 0 |c Johann Heinrich von Thünen-Institut 
260 |a Germany 
260 |b Johann Heinrich von Thünen-Institut 
260 |c 2018 
650 |a Forestry,Agriculture 
904 |i Hằng 
980 |a Trung tâm Học liệu Trường Đại học Cần Thơ